[Event "Ronne Jubilaum"]
[Site "Ronne"]
[Date "2001.06.28"]
[Round "7"]
[White "Eriksson, Bo"]
[Black "Angskog, Kent"]
[Result "1-0"]
[WhiteElo "2232"]
[BlackElo "2160"]
[PlyCount "103"]
[EventDate "2001.??.??"]
[EventType "swiss"]
[EventRounds "9"]
[EventCountry "DEN"]
[SourceDate "2005.12.01"]

1. d4 g6 2. e4 Bg7 3. f4 c5 4. c3 cxd4 5. cxd4 d5 6. e5 Nc6 7. Nc3 h5 8. Nge2
Bg4 9. h3 Bxe2 10. Bxe2 e6 11. g3 Nh6 12. Be3 Nf5 13. Bf2 g5 14. Qd2 gxf4 15.
gxf4 Bf8 16. Rg1 Qa5 17. Rg5 h4 18. O-O-O Be7 19. Rg2 O-O-O 20. Kb1 Rdg8 21.
Rg4 Ng3 22. Rxg8+ Rxg8 23. Bg4 Bb4 24. Bxg3 hxg3 25. Qd3 g2 26. Rg1 Nxd4 27.
Rxg2 Nf5 28. Rc2 Kb8 29. Bxf5 Bxc3 30. Qxc3 Qxc3 31. Rxc3 exf5 32. h4 Rg4 33.
Rh3 Rxf4 34. h5 Rg4 35. h6 Rg8 36. Kc2 f4 37. Kd3 Rh8 38. Kd4 f3 39. Rxf3 Rxh6
40. Rxf7 Kc8 41. Kxd5 Rb6 42. b3 Kd8 43. Ke4 Ke8 44. Rh7 Rb4+ 45. Kf5 Rb6 46.
Rg7 Rb4 47. Kf6 Kf8 48. Rc7 Ke8 49. Rh7 a5 50. Rh8+ Kd7 51. e6+ Kd6 52. e7 1-0

[Event "Ronne Jubilaum"]
[Site "Ronne"]
[Date "2001.06.28"]
[Round "7"]
[White "Rendboe, John Filip"]
[Black "Eriksson, Magnus"]
[Result "1-0"]
[WhiteElo "2259"]
[BlackElo "2290"]
[PlyCount "87"]
[EventDate "2001.??.??"]
[EventType "swiss"]
[EventRounds "9"]
[EventCountry "DEN"]
[SourceDate "2005.12.01"]

1. d4 e6 2. c4 b6 3. Nc3 Bb7 4. e4 Bb4 5. f3 Qh4+ 6. g3 Qh5 7. Bg2 f5 8. Nge2
fxe4 9. fxe4 Bxc3+ 10. bxc3 Nf6 11. Qc2 e5 12. O-O Ng4 13. h3 Nh6 14. g4 Qh4
15. Be3 Nc6 16. c5 Na5 17. cxb6 axb6 18. dxe5 Nc4 19. Bf4 O-O 20. Nd4 Qe7 21.
Qb3 Ba6 22. Nf5 Qc5+ 23. Be3 Qb5 24. Nxh6+ gxh6 25. Qxb5 Bxb5 26. Bxh6 Rfe8 27.
Rf2 Nxe5 28. Bf1 Bc6 29. Bg2 Ng6 30. Rc1 Ra4 31. e5 Bxg2 32. Kxg2 Ra5 33. Rd1
Nxe5 34. Rdf1 Ng6 35. Rf7 Rd5 36. Rg7+ Kh8 37. Rff7 Nf8 38. Re7 Ra8 39. Rgf7
Kg8 40. Bxf8 Rd2+ 41. Kg3 Rd3+ 42. Kh4 Rd6 43. Bg7 Re8 44. Rxd7 1-0

[Event "Ronne Jubilaum"]
[Site "Ronne"]
[Date "2001.06.28"]
[Round "7"]
[White "Tetenkina, Irina"]
[Black "Brauer, Christian"]
[Result "1-0"]
[WhiteElo "2221"]
[BlackElo "2286"]
[PlyCount "95"]
[EventDate "2001.??.??"]
[EventType "swiss"]
[EventRounds "9"]
[EventCountry "DEN"]
[SourceDate "2005.12.01"]

1. c4 c6 2. d4 d5 3. cxd5 cxd5 4. Nc3 e5 5. dxe5 d4 6. Ne4 Qa5+ 7. Bd2 Qxe5 8.
Rc1 Nc6 9. Ng5 Bc5 10. N1f3 Qe7 11. Qb3 Bb6 12. e3 h6 13. Bb5 dxe3 14. Bxe3
Bxe3 15. Qxe3 Qxe3+ 16. fxe3 hxg5 17. Rxc6 Bd7 18. Rc5 f6 19. Bxd7+ Kxd7 20.
O-O Ne7 21. Rd1+ Ke6 22. Rc7 Rhc8 23. Rxb7 Rab8 24. Nd4+ Kf7 25. Rxb8 Rxb8 26.
b3 Rc8 27. Rd2 a6 28. Rc2 Rxc2 29. Nxc2 Ke6 30. Kf2 Nd5 31. Kf3 Ke5 32. a4 g4+
33. Kxg4 Ke4 34. Kh5 g5 35. Kg6 Kd3 36. Nd4 Kxe3 37. Ne6 Kf2 38. g3 Kg2 39. h4
Kxg3 40. hxg5 fxg5 41. Kxg5 Kf3 42. Kf5 Ke3 43. Ke5 Nb4 44. Nc5 a5 45. Nb7 Kd3
46. Nxa5 Kc3 47. Kd6 Nd3 48. Nc6 1-0

[Event "Ronne Jubilaum"]
[Site "Ronne"]
[Date "2001.06.28"]
[Round "7"]
[White "Lindberg, Henrik"]
[Black "Bernhardsson, Sten"]
[Result "1/2-1/2"]
[WhiteElo "2210"]
[BlackElo "2291"]
[PlyCount "82"]
[EventDate "2001.??.??"]
[EventType "swiss"]
[EventRounds "9"]
[EventCountry "DEN"]
[SourceDate "2005.12.01"]

1. c4 Nf6 2. Nc3 e6 3. e4 d5 4. e5 d4 5. exf6 dxc3 6. bxc3 Qxf6 7. d4 b6 8. Be2
Bb7 9. Bf3 Bxf3 10. Nxf3 Bd6 11. a4 c6 12. O-O O-O 13. Rb1 Qd8 14. Re1 Qc7 15.
Qc2 Nd7 16. Qe4 Rfe8 17. Qh4 e5 18. Bd2 f6 19. h3 Nf8 20. c5 bxc5 21. dxe5 Bxe5
22. Qc4+ Kh8 23. Qxc5 Nd7 24. Qc4 Nb6 25. Qg4 Rad8 26. c4 Nd7 27. Be3 Bc3 28.
Red1 Ne5 29. Rxd8 Rxd8 30. Nxe5 Bxe5 31. Qe6 h6 32. g4 Rd6 33. Qe8+ Kh7 34. Kg2
c5 35. Rb8 Qc6+ 36. Qxc6 Rxc6 37. Ra8 a6 38. Ra7 Kg6 39. h4 f5 40. Kf3 fxg4+
41. Kxg4 h5+ 1/2-1/2

[Event "Ronne Jubilaum"]
[Site "Ronne"]
[Date "2001.06.28"]
[Round "7"]
[White "Henriksen, Geir I"]
[Black "Petersen, Tom Petri"]
[Result "1/2-1/2"]
[WhiteElo "2209"]
[BlackElo "2098"]
[PlyCount "33"]
[EventDate "2001.??.??"]
[EventType "swiss"]
[EventRounds "9"]
[EventCountry "DEN"]
[SourceDate "2005.12.01"]

1. d4 g6 2. c4 Bg7 3. Nf3 d6 4. Nc3 Nf6 5. Bg5 O-O 6. e3 c6 7. Be2 a6 8. O-O
Nbd7 9. b4 b5 10. cxb5 axb5 11. a4 bxa4 12. Rxa4 Rxa4 13. Qxa4 Bb7 14. Qa7 Qb6
15. Qxb6 Nxb6 16. Ra1 Ra8 17. Rxa8+ 1/2-1/2

[Event "Ronne Jubilaum"]
[Site "Ronne"]
[Date "2001.06.28"]
[Round "7"]
[White "Hautala, Roman"]
[Black "Schultz Pedersen, Jesper"]
[Result "1-0"]
[WhiteElo "2182"]
[BlackElo "2206"]
[PlyCount "65"]
[EventDate "2001.??.??"]
[EventType "swiss"]
[EventRounds "9"]
[EventCountry "DEN"]
[SourceDate "2005.12.01"]

1. e4 Nc6 2. d4 d5 3. Nc3 e6 4. Nf3 Bb4 5. Bd3 dxe4 6. Bxe4 Bd7 7. O-O Nf6 8.
Bg5 h6 9. Bxf6 Qxf6 10. d5 Nd8 11. dxe6 Bxe6 12. Nb5 Ba5 13. b4 Bb6 14. a4 O-O
15. a5 Bc4 16. Bd3 Bxb5 17. Bxb5 c6 18. axb6 cxb5 19. bxa7 Nc6 20. Qd5 Nxb4 21.
Qxb5 Nxc2 22. Ra2 Nd4 23. Nxd4 Qxd4 24. Qxb7 Rfd8 25. g3 h5 26. h4 g5 27. hxg5
h4 28. g6 fxg6 29. Ra6 Qg7 30. Qe4 Re8 31. Qc4+ Kf8 32. Qxh4 Rxa7 33. Rxa7 1-0

[Event "Ronne Jubilaum"]
[Site "Ronne"]
[Date "2001.06.28"]
[Round "7"]
[White "Taksrud, Vidar"]
[Black "Poley, Vladimir"]
[Result "1/2-1/2"]
[WhiteElo "1944"]
[BlackElo "2361"]
[PlyCount "121"]
[EventDate "2001.??.??"]
[EventType "swiss"]
[EventRounds "9"]
[EventCountry "DEN"]
[SourceDate "2005.12.01"]

1. Nf3 g6 2. c4 Bg7 3. d4 d6 4. Nc3 f5 5. e4 fxe4 6. Nxe4 Nf6 7. Bd3 O-O 8.
Nxf6+ exf6 9. O-O d5 10. cxd5 Qxd5 11. Qc2 Qc6 12. Bf4 Bg4 13. Bc4+ Kh8 14. d5
Qc5 15. Be3 Qd6 16. Nd4 c6 17. Ne6 Rc8 18. Bf4 Qd7 19. Nc5 Qe7 20. d6 Qd8 21.
Be6 Bxe6 22. Nxe6 Qd7 23. Nc7 Na6 24. Nxa8 Rxa8 25. Rfe1 Nb4 26. Qb3 Nd5 27.
Bg3 Rd8 28. Rad1 Bf8 29. Rxd5 cxd5 30. Qxd5 Kg7 31. h4 Qf7 32. Qc5 b6 33. Qc6
Qd7 34. Rc1 Qxc6 35. Rxc6 Kf7 36. Rc7+ Ke6 37. Rxh7 Bxd6 38. Bxd6 Rxd6 39. Rxa7
Rd1+ 40. Kh2 Rd2 41. b3 Rxf2 42. Ra6 Kf5 43. Rxb6 Rxa2 44. Kh3 Rd2 45. g3 g5
46. g4+ Ke5 47. Rb5+ Ke6 48. hxg5 fxg5 49. Rxg5 Rd3+ 50. Kh4 Rxb3 51. Rf5 Rb8
52. Kg5 Rg8+ 53. Kh4 Rh8+ 54. Kg3 Rh6 55. Ra5 Kf7 56. Ra7+ Kg8 57. g5 Rb6 58.
Kg4 Rb4+ 59. Kh5 Rb6 60. Re7 Ra6 61. Rd7 1/2-1/2

[Event "Ronne Jubilaum"]
[Site "Ronne"]
[Date "2001.06.28"]
[Round "7"]
[White "Lilja, Richard"]
[Black "Almind, Heinrich Dalsgaard"]
[Result "1-0"]
[WhiteElo "2104"]
[BlackElo "2238"]
[PlyCount "103"]
[EventDate "2001.??.??"]
[EventType "swiss"]
[EventRounds "9"]
[EventCountry "DEN"]
[SourceDate "2005.12.01"]

1. Nc3 d5 2. e4 c6 3. d4 g6 4. e5 Nd7 5. Nf3 Nb6 6. Bd3 Bg4 7. h3 Bxf3 8. Qxf3
Bh6 9. O-O Bxc1 10. Raxc1 e6 11. b3 Ne7 12. Ne2 h5 13. a4 Nf5 14. Rfe1 Nc8 15.
c3 Qg5 16. g3 Nce7 17. Nf4 Nh4 18. Qe2 Nhf5 19. Ng2 Qh6 20. b4 Rc8 21. Qb2 Qg5
22. Qa3 O-O 23. Kh2 Qd2 24. Be2 Qg5 25. Qb2 b6 26. a5 Kg7 27. axb6 axb6 28. Ra1
c5 29. h4 Qh6 30. bxc5 bxc5 31. Ra7 cxd4 32. cxd4 Nc6 33. Ra4 Rb8 34. Qc3 Rfc8
35. Ba6 Rc7 36. Ne3 Nxe3 37. fxe3 Qh8 38. Rc1 Qf8 39. Bd3 Rbc8 40. Qe1 Ne7 41.
Rxc7 Rxc7 42. Qf2 Ng8 43. Ra2 Nh6 44. Qf6+ Kh7 45. Bxg6+ Kg8 46. Bxh5 Rb7 47.
g4 Qg7 48. Qf4 Kh7 49. e4 Rd7 50. g5 Ng8 51. exd5 Rxd5 52. Ra7 1-0

[Event "Ronne Jubilaum"]
[Site "Ronne"]
[Date "2001.06.28"]
[Round "7"]
[White "Hansen, Jacob "]
[Black "Andersen, Kaare Vissing"]
[Result "0-1"]
[WhiteElo "1878"]
[BlackElo "2312"]
[PlyCount "102"]
[EventDate "2001.??.??"]
[EventType "swiss"]
[EventRounds "9"]
[EventCountry "DEN"]
[SourceDate "2005.12.01"]

1. e4 g6 2. f4 Bg7 3. Nf3 d6 4. Bc4 c6 5. Bb3 a5 6. c3 Nf6 7. Qe2 O-O 8. O-O
Bg4 9. d3 e5 10. Qf2 Bxf3 11. Qxf3 Nbd7 12. f5 a4 13. Bc2 h6 14. Na3 b5 15. Be3
Nh7 16. Rad1 g5 17. Bb1 Rb8 18. Nc2 c5 19. b4 Qc7 20. a3 Nhf6 21. Bd2 Qb6 22.
Kh1 Rfc8 23. Ba2 Qb7 24. Ne3 Nb6 25. g3 c4 26. h4 cxd3 27. hxg5 Nxe4 28. g6 Nc4
29. gxf7+ Kf8 30. Bxc4 bxc4 31. Kh2 Nxd2 32. Rxd2 Qxf3 33. Rxf3 Bf6 34. Nd1 e4
35. Rf4 Bg5 36. Rdf2 Bxf4 37. Rxf4 d5 38. Rh4 Kxf7 39. Ne3 d4 40. cxd4 c3 41.
Ng4 c2 42. Ne5+ Kf8 43. Rxh6 c1=Q 44. Rf6+ Kg8 45. Rg6+ Kh7 46. Nf7 Rc2+ 47.
Kh3 Qh1+ 48. Kg4 Qf3+ 49. Kg5 Qxg3+ 50. Kf6 Rb6+ 51. Ke7 Qc7+ 0-1

[Event "Ronne Jubilaum"]
[Site "Ronne"]
[Date "2001.06.28"]
[Round "7"]
[White "Hornsgaard, Jens Boe"]
[Black "Grahn, Lars"]
[Result "1/2-1/2"]
[WhiteElo "1902"]
[BlackElo "2100"]
[PlyCount "41"]
[EventDate "2001.??.??"]
[EventType "swiss"]
[EventRounds "9"]
[EventCountry "DEN"]
[SourceDate "2005.12.01"]

1. e4 e5 2. Nf3 d6 3. d4 exd4 4. Qxd4 Nf6 5. Bg5 Be7 6. Nc3 O-O 7. Bc4 Nc6 8.
Qd3 Bg4 9. Bb3 Na5 10. O-O Nxb3 11. axb3 h6 12. Bh4 Bh5 13. Rfe1 Bg6 14. Qd4 a6
15. Rad1 Re8 16. e5 dxe5 17. Rxe5 Bxc2 18. Qxd8 Rexd8 19. Rc1 Bd6 20. Rxc2 Bxe5
21. Nxe5 1/2-1/2

[Event "Ronne Jubilaum"]
[Site "Ronne"]
[Date "2001.06.28"]
[Round "7"]
[White "Johansson, Pelle"]
[Black "Munch, Anders"]
[Result "1-0"]
[WhiteElo "2078"]
[BlackElo "1857"]
[PlyCount "124"]
[EventDate "2001.??.??"]
[EventType "swiss"]
[EventRounds "9"]
[EventCountry "DEN"]
[SourceDate "2005.12.01"]

1. d4 Nf6 2. Nf3 d5 3. c4 c6 4. Qc2 e6 5. g3 Nbd7 6. Bg2 Be7 7. O-O O-O 8. Nbd2
Re8 9. e4 dxe4 10. Nxe4 Nxe4 11. Qxe4 Nf6 12. Qc2 c5 13. Rd1 Qb6 14. dxc5 Bxc5
15. Bg5 Ng4 16. Rd2 h6 17. h3 Bxf2+ 18. Kf1 hxg5 19. hxg4 Be3 20. Re2 Bd4 21.
Nxg5 g6 22. Be4 e5 23. Bd5 Qf6+ 24. Nf3 Bxg4 25. Kg2 Re7 26. Rf1 Qh8 27. Qxg6+
Qg7 28. Qxg7+ Kxg7 29. Nxd4 Bxe2 30. Nxe2 Rd8 31. Nc3 Kg6 32. Be4+ Kg7 33. Nd5
Re6 34. Rh1 Rh6 35. Rxh6 Kxh6 36. Kf3 Kg5 37. Nb4 Rd2 38. Nd3 f5 39. Ke3 Rd1
40. Bxb7 Rg1 41. Nxe5 Rxg3+ 42. Nf3+ Kf6 43. c5 Ke6 44. Kd4 Rg4+ 45. Kc3 a5 46.
Nd4+ Kd7 47. Bd5 Rg3+ 48. Kc4 f4 49. c6+ Kc8 50. Kc5 Rg5 51. Kd6 Rg7 52. b3 Kb8
53. a3 Kc8 54. b4 axb4 55. axb4 f3 56. Nxf3 Kd8 57. Nd4 Re7 58. Kc5 Rh7 59. b5
Kc8 60. b6 Kb8 61. Kd6 Rb7 62. c7+ Kc8 1-0

[Event "Ronne Jubilaum"]
[Site "Ronne"]
[Date "2001.06.28"]
[Round "7"]
[White "Moller, Morten Kock"]
[Black "Carlsen, Magnus"]
[Result "0-1"]
[WhiteElo "1859"]
[BlackElo "2288"]
[PlyCount "84"]
[EventDate "2001.??.??"]
[EventType "swiss"]
[EventRounds "9"]
[EventCountry "DEN"]
[SourceDate "2005.12.01"]

1. e4 Nf6 2. e5 Nd5 3. d4 d6 4. Nf3 Bg4 5. Be2 e6 6. O-O Be7 7. h3 Bxf3 8. Bxf3
dxe5 9. dxe5 c6 10. Qe2 Nd7 11. c4 N5b6 12. b3 a5 13. Bb2 O-O 14. Be4 a4 15.
Nd2 Bb4 16. Nf3 axb3 17. axb3 Qe7 18. Rab1 Rfd8 19. Bc1 h6 20. Bc2 Nc5 21. Bf4
Ra2 22. Bh7+ Kxh7 23. Qxa2 Kg8 24. Qc2 Rd3 25. Rfd1 Rc3 26. Qd2 Ne4 27. Qe2 Nc5
28. Bd2 Rc2 29. Nd4 Ra2 30. Qe3 Na6 31. Bxb4 Qxb4 32. Nc2 Qc5 33. Qxc5 Nxc5 34.
Nb4 Ra3 35. g3 Rxb3 36. Rxb3 Nxb3 37. Rd8+ Kh7 38. Rb8 Nc5 39. f4 Nxc4 40. Rd8
Nb6 41. Rd1 Nd5 42. Re1 Nxb4 0-1

[Event "Ronne Jubilaum"]
[Site "Ronne"]
[Date "2001.06.28"]
[Round "7"]
[White "Evensen, Tom Richard"]
[Black "Andersen, Rune"]
[Result "0-1"]
[WhiteElo "1838"]
[BlackElo "2298"]
[PlyCount "88"]
[EventDate "2001.??.??"]
[EventType "swiss"]
[EventRounds "9"]
[EventCountry "DEN"]
[SourceDate "2005.12.01"]

1. d4 d5 2. c4 c6 3. Nf3 Nf6 4. Nc3 e6 5. e3 Nbd7 6. Qc2 Bd6 7. Be2 O-O 8. O-O
b6 9. Rd1 Bb7 10. e4 dxe4 11. Nxe4 Nxe4 12. Qxe4 Nf6 13. Qh4 Re8 14. Bd2 Rc8
15. Bc3 Be7 16. Bd3 h6 17. Ne5 Qc7 18. Re1 c5 19. dxc5 Qxc5 20. Re3 Rf8 21. Rg3
Ne4 22. Rxg7+ Kxg7 23. Ng4+ f6 24. Qxh6+ Kf7 25. Qh7+ Ke8 26. Qg6+ Kd8 27. Bxe4
Bxe4 28. Qxe4 Qd6 29. Ne3 Kc7 30. Rd1 Qc6 31. Qxc6+ Kxc6 32. Kf1 Rh8 33. Ng4
Rcf8 34. Ke2 Rh4 35. h3 Rg8 36. b3 e5 37. Ne3 Rh5 38. Kf3 Bd6 39. Ke4 Rgg5 40.
Rd2 f5+ 41. Kf3 e4+ 42. Ke2 f4 43. Ng4 f3+ 44. Kf1 Rxg4 0-1

[Event "Ronne Jubilaum"]
[Site "Ronne"]
[Date "2001.06.28"]
[Round "7"]
[White "Poulsen, Morten Kjar"]
[Black "Aurlund, Kjell"]
[Result "1-0"]
[WhiteElo "1785"]
[BlackElo "2305"]
[PlyCount "57"]
[EventDate "2001.??.??"]
[EventType "swiss"]
[EventRounds "9"]
[EventCountry "DEN"]
[SourceDate "2005.12.01"]

1. e4 g6 2. d4 Bg7 3. Nc3 d6 4. h3 a6 5. a4 Nd7 6. g3 c5 7. Be3 Qa5 8. Nge2
Ngf6 9. Bg2 O-O 10. O-O cxd4 11. Bxd4 Ne5 12. b3 Nc6 13. Be3 Nd7 14. Qd2 Nc5
15. Rad1 Be6 16. Nd4 Rad8 17. Nxc6 bxc6 18. Nd5 Qxd2 19. Nxe7+ Kh8 20. Rxd2
Bxh3 21. Bxh3 Nxe4 22. Rd3 c5 23. Nd5 f5 24. Nc7 Rc8 25. Ne6 c4 26. Rdd1 Rfe8
27. Nxg7 Kxg7 28. Bg2 cxb3 29. cxb3 1-0

[Event "Ronne Jubilaum"]
[Site "Ronne"]
[Date "2001.06.28"]
[Round "7"]
[White "Christiansen, Erling Molbaek"]
[Black "Cordes, Till"]
[Result "1-0"]
[WhiteElo "1928"]
[BlackElo "1431"]
[PlyCount "145"]
[EventDate "2001.??.??"]
[EventType "swiss"]
[EventRounds "9"]
[EventCountry "DEN"]
[SourceDate "2005.12.01"]

1. e4 c5 2. c4 Nc6 3. Nc3 g6 4. g3 Bg7 5. Bg2 d6 6. Nge2 Nf6 7. d3 O-O 8. O-O
Bg4 9. f3 Bd7 10. Bg5 h6 11. Be3 Ne8 12. Qd2 Kh7 13. f4 e6 14. e5 Qa5 15. Ne4
Qxd2 16. Nxd2 b6 17. d4 cxd4 18. Nxd4 Rc8 19. Bxc6 Bxc6 20. exd6 Nxd6 21. Rac1
Bb7 22. b3 Rfd8 23. N2f3 Be4 24. Rfd1 Nf5 25. Kf2 Nxe3 26. Kxe3 Bb7 27. Nb5
Rxd1 28. Rxd1 a6 29. Na3 b5 30. Ne5 f6 31. Ng4 bxc4 32. Nxc4 Bd5 33. Nb6 Rc3+
34. Kd2 Rc5 35. Nd7 Bxb3 36. Nxc5 Bxd1 37. Kxd1 h5 38. Ne3 a5 39. Nxe6 Bh8 40.
a4 Kg8 41. Nc4 Kf7 42. Nd4 f5 43. Nb3 h4 44. Ncxa5 hxg3 45. hxg3 g5 46. Ke2
gxf4 47. gxf4 Ke6 48. Kd3 Kd5 49. Nc4 Bf6 50. Ne3+ Kc6 51. Nxf5 Kb6 52. Ke4 Kc6
53. Nfd4+ Kb6 54. Kf5 Bg7 55. Kg6 Bf8 56. f5 Be7 57. Kf7 Bh4 58. Ke6 Ka6 59. f6
Bxf6 60. Kxf6 Kb6 61. Ke5 Ka6 62. Kd5 Kb6 63. Kc4 Ka6 64. Kc5 Ka7 65. Kb5 Kb7
66. Ka5 Ka7 67. Nb5+ Kb7 68. Nc5+ Kc6 69. Ne4 Kb7 70. Nbd6+ Ka8 71. Kb6 Kb8 72.
a5 Ka8 73. a6 1-0

[Event "Ronne Jubilaum"]
[Site "Ronne"]
[Date "2001.06.28"]
[Round "7"]
[White "Tairova, Elena"]
[Black "Knudsen, Jesper"]
[Result "1-0"]
[WhiteElo "1800"]
[BlackElo "1617"]
[PlyCount "95"]
[EventDate "2001.??.??"]
[EventType "swiss"]
[EventRounds "9"]
[EventCountry "DEN"]
[SourceDate "2005.12.01"]

1. e4 c5 2. Nf3 Nc6 3. d4 cxd4 4. Nxd4 Nf6 5. Nc3 d6 6. Be2 g6 7. Be3 Bg7 8.
Nb3 a6 9. O-O O-O 10. f4 e6 11. Bf3 Qc7 12. g4 d5 13. exd5 exd5 14. g5 Ng4 15.
Nxd5 Nxe3 16. Nxc7 Nxd1 17. Nxa8 Nxb2 18. Nb6 Bf5 19. Nd5 Nc4 20. c3 Nd6 21.
Nf6+ Kh8 22. Nc5 Nd8 23. Rae1 b6 24. Nxa6 Ne6 25. Bd1 Bd3 26. Be2 Bxa6 27. Bxa6
Ra8 28. Bd3 Rxa2 29. Rb1 Rd2 30. Ba6 Nf5 31. Rxb6 Bxf6 32. gxf6 h5 33. Bc8 Ne3
34. Rf3 Rd1+ 35. Kf2 Ng4+ 36. Ke2 Ra1 37. Bxe6 fxe6 38. Rxe6 Ra2+ 39. Kd3 Kg8
40. h3 Kf7 41. Re2 Rxe2 42. Kxe2 Nxf6 43. c4 Ke6 44. Rd3 Kf5 45. Kf3 Ke6 46. c5
Nd7 47. c6 Nb6 48. c7 1-0

[Event "Ronne Jubilaum"]
[Site "Ronne"]
[Date "2001.06.28"]
[Round "7"]
[White "Holstein Ratlau, Claus Hoeg"]
[Black "Jensen, Jan Kargaard"]
[Result "1-0"]
[WhiteElo "1827"]
[BlackElo "1644"]
[PlyCount "103"]
[EventDate "2001.??.??"]
[EventType "swiss"]
[EventRounds "9"]
[EventCountry "DEN"]
[SourceDate "2005.12.01"]

1. Nf3 Nf6 2. c4 g6 3. Nc3 d5 4. d4 Bg7 5. Qb3 dxc4 6. Qxc4 O-O 7. e4 Bg4 8.
Be2 Nfd7 9. Be3 Nc6 10. Rd1 Bxf3 11. Bxf3 e5 12. dxe5 Ncxe5 13. Qe2 c6 14. Qd2
Nxf3+ 15. gxf3 Nf6 16. Qxd8 Rfxd8 17. Rxd8+ Rxd8 18. Bxa7 Nh5 19. Be3 Bxc3+ 20.
bxc3 Ra8 21. O-O Rxa2 22. Rd1 Kg7 23. Rd7 Ra1+ 24. Kg2 Rb1 25. e5 Kf8 26. Bc5+
Kg7 27. Be3 Kf8 28. Bg5 Ng7 29. Rd8+ Ne8 30. Rb8 h5 31. Kg3 Rb3 32. Bf6 Rb5 33.
f4 Rb2 34. f3 Rb3 35. h4 Rb5 36. Kf2 Rb1 37. Ke3 Rb5 38. Kd3 Rb1 39. Kd2 Rb5
40. Ke3 Rb1 41. f5 gxf5 42. Kf4 b5 43. Kxf5 c5 44. Rb7 b4 45. Be7+ Kg7 46. Bxc5
b3 47. e6 Kh6 48. Be3+ Kh7 49. exf7 Nd6+ 50. Ke6 Nxf7 51. Rxf7+ Kg8 52. Rb7 1-0

[Event "Ronne Jubilaum"]
[Site "Ronne"]
[Date "2001.06.28"]
[Round "7"]
[White "Petersen, Jan"]
[Black "Mildenberger, Hans"]
[Result "1/2-1/2"]
[WhiteElo "1742"]
[BlackElo "1700"]
[PlyCount "85"]
[EventDate "2001.??.??"]
[EventType "swiss"]
[EventRounds "9"]
[EventCountry "DEN"]
[SourceDate "2005.12.01"]

1. e4 e6 2. Nf3 d5 3. e5 c5 4. b4 Nc6 5. bxc5 Bxc5 6. d4 Bb6 7. c3 Nge7 8. Bd3
Qc7 9. O-O Ng6 10. Ba3 Qd8 11. g3 Nce7 12. h4 h5 13. Bc1 a6 14. Bg5 Qd7 15. Nh2
Bd8 16. Be2 O-O 17. Bxh5 Nf5 18. Bxg6 fxg6 19. Nf3 Bxg5 20. Nxg5 Nh6 21. f4 Nf7
22. Nd2 Nxg5 23. hxg5 b5 24. Kf2 Qc7 25. Rc1 Bd7 26. Qe2 Kf7 27. Nf3 Be8 28.
Rh1 Ke7 29. Qb2 Kd8 30. Rh7 Kc8 31. Rch1 Kb7 32. Qb4 Rg8 33. Rh8 Bf7 34. Rxg8
Rxg8 35. Nd2 Rc8 36. Nb3 Qxc3 37. Nc5+ Rxc5 38. Qxc5 Qd2+ 39. Kf1 Qd1+ 40. Kg2
Qe2+ 41. Kg1 Qe1+ 42. Kh2 Qe2+ 43. Kh3 1/2-1/2

[Event "Ronne Jubilaum"]
[Site "Ronne"]
[Date "2001.06.28"]
[Round "7"]
[White "Ferrung, Steffen"]
[Black "Erikstad, Olav Aage"]
[Result "1/2-1/2"]
[WhiteElo "1740"]
[BlackElo "1548"]
[PlyCount "93"]
[EventDate "2001.??.??"]
[EventType "swiss"]
[EventRounds "9"]
[EventCountry "DEN"]
[SourceDate "2005.12.01"]

1. e4 c6 2. d4 d5 3. exd5 cxd5 4. c4 Nf6 5. Nc3 e6 6. Bg5 Nc6 7. Nf3 Qb6 8. Na4
Qa5+ 9. Bd2 Bb4 10. Nc3 Ne4 11. Qc2 Nxd2 12. Qxd2 Bd7 13. a3 Bxc3 14. Qxc3
Qxc3+ 15. bxc3 dxc4 16. Bxc4 Na5 17. Ba2 Rc8 18. Rc1 Bc6 19. c4 Ke7 20. O-O
Rhd8 21. d5 exd5 22. cxd5 Ba4 23. Rfe1+ Kf6 24. g4 Rxc1 25. Rxc1 Ke7 26. Rc3 h6
27. g5 hxg5 28. Nxg5 Rd6 29. Rc7+ Bd7 30. Ne4 Rg6+ 31. Kf1 Kd8 32. Rc3 Bb5+ 33.
Ke1 Rg1+ 34. Kd2 Ra1 35. Rc2 Ba4 36. Rb2 Rh1 37. Nd6 Rxh2 38. Ke2 Rh5 39. Nxb7+
Nxb7 40. Rxb7 Re5+ 41. Kf1 Re7 42. Rb4 Be8 43. d6 Re5 44. Rb8+ Kd7 45. Rb7+
Kxd6 46. Rxa7 Bb5+ 47. Kg2 1/2-1/2

[Event "Ronne Jubilaum"]
[Site "Ronne"]
[Date "2001.06.28"]
[Round "7"]
[White "Hemdorff, Dennis"]
[Black "Svanholm, Borge"]
[Result "0-1"]
[WhiteElo "1653"]
[BlackElo "1712"]
[PlyCount "98"]
[EventDate "2001.??.??"]
[EventType "swiss"]
[EventRounds "9"]
[EventCountry "DEN"]
[SourceDate "2005.12.01"]

1. e4 c5 2. Nf3 d6 3. d4 cxd4 4. Nxd4 Nf6 5. Nc3 a6 6. Be3 e5 7. Nb3 Be6 8. Be2
Be7 9. O-O O-O 10. f4 exf4 11. Bxf4 Nc6 12. Qd2 Ne8 13. Rad1 Rc8 14. Qe3 Bf6
15. Kh1 Be5 16. Bxe5 Nxe5 17. Nd4 Nf6 18. Nf5 Bxf5 19. Rxf5 Re8 20. Rdf1 Re6
21. Qf4 Qc7 22. Qg3 Kh8 23. Bd3 h6 24. Ne2 Ng6 25. Nf4 Nxf4 26. Qxf4 Rce8 27.
Qh4 Qe7 28. h3 Nxe4 29. Qxe7 Ng3+ 30. Kg1 R6xe7 31. Rxf7 Nxf1 32. Rxf1 Re1 33.
Rxe1 Rxe1+ 34. Kf2 Ra1 35. a3 Ra2 36. b3 Rxa3 37. Ke3 Ra5 38. Kd4 Kg8 39. Be4
b6 40. b4 Re5 41. Bd3 a5 42. b5 Kf7 43. Bc4+ Kf6 44. Bd3 Kg5 45. g3 h5 46. c4
h4 47. g4 Kf4 48. Bf1 Kf3 49. Kd3 Kf2 0-1

[Event "Ronne Jubilaum"]
[Site "Ronne"]
[Date "2001.06.29"]
[Round "8"]
[White "De Firmian, Nick E"]
[Black "Ibragimov, Ildar"]
[Result "1/2-1/2"]
[WhiteElo "2382"]
[BlackElo "2578"]
[PlyCount "73"]
[EventDate "2001.??.??"]
[EventType "swiss"]
[EventRounds "9"]
[EventCountry "DEN"]
[SourceDate "2005.12.01"]

1. e4 d6 2. d4 g6 3. Nc3 c6 4. f4 d5 5. e5 h5 6. Nf3 Bg4 7. h3 Bxf3 8. Qxf3 e6
9. Bd3 c5 10. dxc5 Bxc5 11. Ne2 Nc6 12. Be3 Qb6 13. Bxc5 Qxc5 14. O-O-O Nge7
15. Kb1 h4 16. c3 O-O-O 17. g4 hxg3 18. h4 Qf2 19. Qxg3 Qxg3 20. Nxg3 Rdf8 21.
Rdg1 f6 22. exf6 Rxf6 23. Ne2 Kd7 24. Rg3 Rh6 25. Kc2 Nf5 26. Bxf5 Rxf5 27. Rg4
e5 28. Rd1 Ke6 29. fxe5 Rxe5 30. Nd4+ Nxd4+ 31. Rdxd4 Kf6 32. Kd3 Rh7 33. Rdf4+
Rf5 34. Kd4 b6 35. a4 Rh8 36. b3 Rh7 37. Ke3 1/2-1/2

[Event "Ronne Jubilaum"]
[Site "Ronne"]
[Date "2001.06.29"]
[Round "8"]
[White "Smetankin, Stanislav"]
[Black "Kiriakov, Petr"]
[Result "1/2-1/2"]
[WhiteElo "2431"]
[BlackElo "2546"]
[PlyCount "24"]
[EventDate "2001.??.??"]
[EventType "swiss"]
[EventRounds "9"]
[EventCountry "DEN"]
[SourceDate "2005.12.01"]

1. c4 e6 2. Nf3 Nf6 3. e3 d5 4. b3 Be7 5. Bb2 O-O 6. d4 b6 7. Bd3 Bb7 8. O-O c5
9. cxd5 exd5 10. Nc3 Nbd7 11. Ne5 cxd4 12. exd4 Ne4 1/2-1/2

[Event "Ronne Jubilaum"]
[Site "Ronne"]
[Date "2001.06.29"]
[Round "8"]
[White "Loginov, Valery A"]
[Black "Maiorov, Nikita"]
[Result "1-0"]
[WhiteElo "2499"]
[BlackElo "2326"]
[PlyCount "43"]
[EventDate "2001.??.??"]
[EventType "swiss"]
[EventRounds "9"]
[EventCountry "DEN"]
[SourceDate "2005.12.01"]

1. Nf3 Nf6 2. g3 g6 3. c4 Bg7 4. d4 O-O 5. Bg2 d6 6. O-O Nbd7 7. Qc2 e5 8. Rd1
Qe7 9. Nc3 c6 10. b3 Re8 11. Rb1 a6 12. e4 b5 13. cxb5 axb5 14. dxe5 Nxe5 15.
Nxe5 dxe5 16. h3 Be6 17. Be3 Nd7 18. a4 bxa4 19. bxa4 Reb8 20. Rxb8+ Rxb8 21.
Rb1 Ra8 22. Rb7 1-0

[Event "Ronne Jubilaum"]
[Site "Ronne"]
[Date "2001.06.29"]
[Round "8"]
[White "Fries Nielsen, Jens Ove"]
[Black "Jakobsen, Ole"]
[Result "1/2-1/2"]
[WhiteElo "2301"]
[BlackElo "2399"]
[PlyCount "59"]
[EventDate "2001.??.??"]
[EventType "swiss"]
[EventRounds "9"]
[EventCountry "DEN"]
[SourceDate "2005.12.01"]

1. e4 c5 2. Nf3 e6 3. Nc3 a6 4. d4 cxd4 5. Nxd4 b5 6. g4 Bb7 7. Bg2 b4 8. Nd5
exd5 9. exd5 Bc5 10. O-O Kf8 11. Be3 d6 12. a3 bxa3 13. b4 Bxd4 14. Qxd4 Ne7
15. Rxa3 Nd7 16. c4 h5 17. c5 Ne5 18. Bf4 N7g6 19. g5 Nxf4 20. Qxf4 h4 21. Rh3
Kg8 22. Rxh4 Rxh4 23. Qxh4 Bc8 24. Qe4 f5 25. Qe3 Rb8 26. f4 Ng6 27. Re1 Bd7
28. Qd2 Qc7 29. c6 Be8 30. Qd4 1/2-1/2